00425nam a22001457a 450000500170000001000150001702000270003203500140005903700090007308200170008224500260009926000700012527000640019530000200025920240327130124.0 aENG-139960 a9788193585702c2500.00 aEN-123492 bDBAD a363.20595435 aAn Indelible Journey/ aHyderabadbSardar Vallahbhai Patel National Police Academy c2017 bHyderabadaSardar Vallahbhai Patel National Police Academy  a289p.c32cm(hb)